| 000 | 00460nam a22001817a 4500 | ||
|---|---|---|---|
| 003 | OSt | ||
| 005 | 20180116183008.0 | ||
| 008 | 150812b xxu||||| |||| 00| 0 eng d | ||
| 020 | _a0201586576 | ||
| 040 | _c0 | ||
| 082 |
_24th _a332 COO 1993 |
||
| 100 | _aS. Kerry Cooper | ||
| 245 |
_aThe Financial Marketplace _cS. Kerry Cooper |
||
| 260 |
_aUSA _bAddison Wesley _c1993 |
||
| 300 |
_a720 p. _bHB |
||
| 440 | _aThe Financial Marketplace | ||
| 942 |
_2ddc _cBK |
||
| 999 |
_c350126 _d350126 |
||